000 00566nam a2200169Ia 4500
008 090711s9999 xx 000 0 und d
082 _b52335
100 _aगोडबोले अरुण
245 _aसातारा ते स्ंािगापूर
260 _c1985
300 _a124
600 _aगोडबोले अरुण
630 _aसातारा ते स्ंािगापूर
700 _aगोडबोले अरुण
730 _aसातारा ते स्ंािगापूर
942 _cBOOK
999 _c291441
_d291441